[Event "Joao Pessoa Fischer Memorial 11th"]
[Site "Joao Pessoa"]
[Date "2022.05.07"]
[Round "4"]
[White "De Aguiar, Andre Wescley"]
[Black "De Oliveira, Sergio Aparecido"]
[Result "0-1"]
[WhiteElo "1513"]
[BlackElo "1767"]
[PlyCount "144"]
[EventDate "2022.05.06"]
[EventType "swiss"]
[EventRounds "6"]
[EventCountry "BRA"]
[SourceTitle "EXT 2023"]
[Source "ChessBase"]
[SourceDate "2022.10.05"]
[SourceVersion "1"]
[SourceVersionDate "2022.10.05"]
[SourceQuality "1"]

1. d4 Nf6 2. c4 g6 3. Nf3 Bg7 4. g3 0-0 5. Bg2 d6 6. Nc3 c6 7. 0-0 Na6 8. Bf4 Nh5 9. Bd2 e5 10. dxe5 dxe5 11. e4 Qc7 12. Qc1 Be6 13. b3 Rad8 14. Rd1 Nc5 15. Be3 Na6 16. Rxd8 Rxd8 17. Qe1 b6 18. a3 Bf8 19. Rd1 f6 20. Rxd8 Qxd8 21. Nb1 Qd3 22. Nfd2 Nc5 23. Bf1 Qc2 24. Be2 Ng7 25. Qd1 Qxd1+ 26. Bxd1 Ne8 27. Bc2 Nb7 28. f3 h5 29. h4 Bc5 30. Kf2 Nc7 31. Bxc5 Nxc5 32. Nc3 Bf7 33. Ne2 N5e6 34. Ke3 c5 35. Nc1 Na6 36. Bd3 Nb8 37. Nf1 Nc6 38. Nd2 Ncd4 39. b4 Kg7 40. Ncb3 Be8 41. b5 g5 42. hxg5 fxg5 43. Nxd4 Nxd4 44. g4 Kg6 45. Kf2 Bd7 46. Kg3 Bc8 47. Kh3 Ne6 48. Bc2 Nf4+ 49. Kg3 Be6 50. gxh5+ Kxh5 51. Kf2 Kh4 52. Ke3 Kg3 53. Nf1+ Kg2 54. Nd2 Bf7 55. Bd1 Ne6 56. Be2 Nd4 57. Bf1+ Kg3 58. Bd3 Bh5 59. Be2 Nc2+ 60. Kd3 Ne1+ 61. Ke3 Ng2+ 62. Kd3 Kf2 63. Bd1 Ne1+ 64. Kc3 Bxf3 65. Bxf3 Nxf3 66. Nb3 g4 67. a4 g3 68. a5 g2 69. Kd3 g1Q 70. axb6 axb6 71. Nc1 Qd1+ 72. Kc3 Qxc1+ 0-1

[Event "Recife Arraes Memorial 12th"]
[Site "Recife"]
[Date "2019.08.31"]
[Round "4"]
[White "De Oliveira, Sergio Aparecido"]
[Black "Macedo, Maximo Valerio"]
[Result "1/2-1/2"]
[WhiteElo "1769"]
[BlackElo "1954"]
[PlyCount "39"]
[EventDate "2019.08.30"]
[EventType "swiss"]
[EventRounds "6"]
[EventCountry "BRA"]
[SourceTitle "EXT 2020"]
[Source "ChessBase"]
[SourceDate "2019.10.17"]
[SourceVersion "1"]
[SourceVersionDate "2019.10.17"]
[SourceQuality "1"]

1. d4 Nf6 2. Bf4 d6 3. Nf3 Nbd7 4. e3 g6 5. h3 Bg7 6. Be2 0-0 7. 0-0 c6 8. c3 Re8 9. Bg3 Nf8 10. a4 N6d7 11. Nbd2 d5 12. e4 e6 13. e5 b6 14. b4 Bb7 15. Rc1 c5 16. bxc5 bxc5 17. Rb1 Qc7 18. Qb3 Rab8 19. Qa3 c4 20. Rb4 1/2-1/2

[Event "Sao Bernardo do Campo LXSBC op 4th"]
[Site "Sao Bernardo do Campo"]
[Date "2012.07.15"]
[Round "5"]
[White "De Oliveira, Sergio Aparecido"]
[Black "Nakata, Thifanni Harumi"]
[Result "1-0"]
[WhiteElo "1813"]
[BlackElo "1444"]
[PlyCount "91"]
[EventDate "2012.07.13"]
[EventType "swiss"]
[EventRounds "6"]
[EventCountry "BRA"]
[SourceTitle "CBM 149 Extra"]
[Source "ChessBase"]
[SourceDate "2012.08.24"]
[SourceVersion "1"]
[SourceVersionDate "2012.08.24"]
[SourceQuality "1"]

1. d4 Nf6 2. c4 c5 3. d5 b5 4. cxb5 a6 5. Nc3 axb5 6. e4 b4 7. Nb5 d6 8. Bc4 g6 9. Nf3 Bg7 10. 0-0 0-0 11. Re1 Nfd7 12. a4 bxa3 13. Rxa3 Nb6 14. Rxa8 Nxa8 15. b3 Nc7 16. Nxc7 Qxc7 17. h3 Na6 18. Bd2 Bb7 19. Qe2 Nb4 20. Bxb4 cxb4 21. e5 Qc5 22. exd6 exd6 23. Qe7 Bxd5 24. Rc1 h6 25. Nd2 Bc3 26. Bxd5 Qxd5 27. Nc4 Be5 28. Nxe5 dxe5 29. Qxb4 Kg7 30. Qb6 f6 31. b4 Qd4 32. Rc7+ Rf7 33. Rxf7+ Kxf7 34. Qc7+ Ke6 35. b5 Qd7 36. Qc4+ Ke7 37. b6 g5 38. Qa6 Qd1+ 39. Kh2 Qd2 40. Qa7+ Ke6 41. b7 g4 42. b8Q Qg5 43. Qbb6+ Kf5 44. Qd7+ Kg6 45. Qb1+ Kh5 46. Qf7+ 1-0

[Event "Santos Paulista-ch"]
[Site "Santos"]
[Date "2011.12.02"]
[Round "2"]
[White "Guimaraes, Artemis Pamela"]
[Black "De Oliveira, Sergio Aparecido"]
[Result "1-0"]
[WhiteElo "2028"]
[BlackElo "1800"]
[PlyCount "57"]
[EventDate "2011.12.02"]
[EventType "swiss"]
[EventRounds "6"]
[EventCountry "BRA"]
[SourceTitle "CBM 146 Extra"]
[Source "ChessBase"]
[SourceDate "2012.02.29"]
[SourceVersion "1"]
[SourceVersionDate "2012.02.29"]
[SourceQuality "1"]

1. e4 d6 2. d4 Nf6 3. Nc3 g6 4. Be3 c6 5. f3 b5 6. Qd2 Nbd7 7. 0-0-0 b4 8. Nce2 a5 9. g4 Nb6 10. Ng3 h5 11. g5 Nfd7 12. h4 Bb7 13. e5 e6 14. exd6 Bxd6 15. Ne4 Be7 16. Nh3 Nd5 17. Nf4 Nxe3 18. Qxe3 Nb6 19. Nc5 Qc7 20. Re1 Bxc5 21. dxc5 Nd5 22. Nxd5 cxd5 23. Qd4 0-0 24. Bd3 Rac8 25. f4 Qxc5 26. Qf6 Kh7 27. Rxe6 Rc6 28. Bxg6+ fxg6 29. Re7+ 1-0

[Event "Sao Paulo Braga op"]
[Site "Sao Paulo"]
[Date "2011.04.24"]
[Round "8"]
[White "Sousa, Felipe Mazim De"]
[Black "De Oliveira, Sergio Aparecido"]
[Result "0-1"]
[WhiteElo "1754"]
[BlackElo "1800"]
[PlyCount "48"]
[EventDate "2011.04.20"]
[EventType "swiss"]
[EventRounds "9"]
[EventCountry "BRA"]
[SourceTitle "EXT 2022"]
[Source "ChessBase"]
[SourceDate "2021.10.06"]
[SourceVersion "1"]
[SourceVersionDate "2021.10.06"]
[SourceQuality "1"]

1. d4 d6 2. c4 Nf6 3. Nc3 g6 4. e4 Bg7 5. f3 0-0 6. Bg5 Nbd7 7. Nh3 c5 8. d5 a6 9. Nf2 Rb8 10. Be2 Re8 11. 0-0 Nf8 12. Qd2 N6d7 13. Rfc1 f6 14. Be3 Ne5 15. Nfd1 Bd7 16. a4 b6 17. Rab1 Qc7 18. b4 Rec8 19. Qc2 Qd8 20. h3 g5 21. b5 a5 22. f4 gxf4 23. Bxf4 Nfg6 24. Bh2 Bh6 0-1

[Event "Sao Paulo Braga op"]
[Site "Sao Paulo"]
[Date "2011.04.22"]
[Round "5"]
[White "Jonas, Tiago Felipe da S"]
[Black "De Oliveira, Sergio Aparecido"]
[Result "1-0"]
[WhiteElo "1838"]
[BlackElo "1800"]
[PlyCount "67"]
[EventDate "2011.04.20"]
[EventType "swiss"]
[EventRounds "9"]
[EventCountry "BRA"]
[SourceTitle "EXT 2022"]
[Source "ChessBase"]
[SourceDate "2021.10.06"]
[SourceVersion "1"]
[SourceVersionDate "2021.10.06"]
[SourceQuality "1"]

1. e4 d6 2. Nf3 Nf6 3. Nc3 g6 4. d4 Bg7 5. Bf4 0-0 6. Qd2 c6 7. Bd3 b5 8. Bh6 Nbd7 9. h4 Ng4 10. Bxg7 Kxg7 11. h5 Rh8 12. h6+ Kf8 13. Ng5 e5 14. d5 b4 15. Ne2 c5 16. Rh3 Nb6 17. Rf3 f6 18. Ba6 Ke7 19. Bxc8 Qxc8 20. Ne6 Nd7 21. Rh3 f5 22. exf5 Rg8 23. fxg6 Rxg6 24. Ng3 Nf8 25. Nf5+ Kd7 26. Nfg7 Nxe6 27. Nxe6 Qa6 28. Rf3 Qc4 29. Nf8+ Kc7 30. Rf7+ Kb6 31. Nxg6 Nh2 32. Qe2 Qxd5 33. Rxh7 Qxg2 34. 0-0-0 1-0